| 000 | 00684nam a22002173a 4500 | ||
|---|---|---|---|
| 005 | 20240924070641.0 | ||
| 008 | 011016s1997 es r 000 0 spa d | ||
| 020 | _a8487682294 | ||
| 035 | _aUPN01000113065 | ||
| 049 | _aCG | ||
| 050 | 4 |
_aD16.2 _bC8.7 |
|
| 100 | 1 |
_aCuesta Fernández, Raimundo _933986 |
|
| 245 | 1 | 0 |
_aSociogenésis de una disciplina escolar : _bla historia / _cRaimundo Cuesta Fernández. |
| 260 |
_aBarcelona [Esp.] : _bPomares-Corredor, _c1997. |
||
| 300 | _a384 p. | ||
| 440 | 0 | _aEducación y conocimiento | |
| 650 | 4 |
_aHistoria _xEstudio y enseñanza _96447 |
|
| 650 | 4 |
_aHistoria _xFilosofía _96938 |
|
| 650 | 2 |
_aHistoria _xMetodología _96995 |
|
| 905 | _aLibro | ||
| 999 |
_c86973 _d86973 |
||